Normal view
MARC view
- Bradley, F
Entry Personal Name
001 - CONTROL NUMBER
- control field: 68860
003 - CONTROL NUMBER IDENTIFIER
- control field: NUST
005 - DATE AND TIME OF LATEST TRANSACTION
- control field: 20210628204127.0
008 - FIXED-LENGTH DATA ELEMENTS
- fixed length control field: 210628|| aca||aabn | a|a d
040 ## - CATALOGING SOURCE
- Original cataloging agency: NUST
- Transcribing agency: NUST
100 ## - HEADING--PERSONAL NAME
- Personal name: Bradley, F
670 ## - SOURCE DATA FOUND
- Source citation: Work cat.: (NUST): Bradley, F, Marketing management providing communicating and dalivering value, 1995
